000 00927nam2a22002771 4500
001 RU\NLR\INFOCOMM\1000035812
005 20250806205948.0
035 _a(NLR Aleph) 002764619
090 _a56245
_c56245
100 _a20040202d1944 u y0rusy50 ca
101 0 _arus
102 _aRU
105 _ay |||||||||
200 1 _aПервичный элемент ВДСП-500 ЦНИИ
_fСпиридонов, П.М.
210 _d1944
461 0 _1001RU\NLR\INFOCOMM\1000035770
_12001#$aИнформационное письмо$fВсесоюз. науч.-ислед. ин-т ж.-д. транспорта$v18(54)
700 1 _aСпиридонов
_bП.М.
_4070
801 1 _aRU
_bInfoComm
_c20040202
801 0 _aRU
_bNLR
_gPSBO
852 _aNLR
_jП10/646
942 _cISSUE
945 _aРоссийская национальная библиотека
980 _aNB
980 _aBV
980 _aRUSPER